00701nam a2200193 a 4500001000800000005001700008008004100025041000800066044000700074050002400081100002800105245009400133260004500227300004900272440012400321500001000445504003200455650002000487BRL_49920190320210754.0210813s1965----gw-abo####---#000-0#ger-# ager agw 4aN5305b.K86 21 19651 aWuthenau, Alexander von10aAltamerikanische TonplastikbDas Menschenbild der Neuen WeltcVon Alexander Von Wuthenau. aAlemaniabHolle-Verlag Baden-Badenc1965 a214 p.bil. (algunas a color), mapasc23 cm. 0aKunst der Welt; ihre geschichtlichen, soziologischen und religiösen GrundlagenpDie aussereuropäischen Kulturenv21 aAu525 aBibliografía : p. 196-19914aArte indígena